The Literature on political parties : a critical reassessment / a critical reassessment /
ISBN:
1133-8962
Descripción Física:
40 p. ; 21 cm
Otros Autores:
Gunther, Richard
Materias:
Partits polítics -- Bibliografia
Idioma:
English
MARC
| LEADER | 00000nam a2200000Ia 4500 | ||
|---|---|---|---|
| 001 | 19800 | ||
| 003 | Arxiu | ||
| 005 | 20260324180022.0 | ||
| 008 | 160829s2003 spc xx eng c 000 0 cat d | ||
| 020 | |a 1133-8962 | ||
| 040 | |a AGDB | ||
| 041 | |a eng | ||
| 080 | |a FU-10-24 | ||
| 100 | 1 | |a Montero Gibert, José Ramón |9 25154 | |
| 245 | 1 | 4 | |a The Literature on political parties : |b a critical reassessment / |c José Ramón Montero, Richard Gunther |
| 260 | |a Barcelona : |b Institut de Ciències Polítiques i Socials, |c 2003 | ||
| 300 | |a 40 p. ; |c 21 cm | ||
| 490 | 1 | |a Working papers / Institut de Ciències Polítiques i Socials ; |v 219 | |
| 590 | |a Bibliografia | ||
| 650 | |a Partits polítics |x Bibliografia |9 43998 | ||
| 700 | |a Gunther, Richard |9 43999 |e autor | ||
| 710 | 2 | |a Institut de Ciències Polítiques i Socials (Barcelona, Catalunya) |e entitat editora |9 55871 | |
| 830 | 0 | |9 56044 |a Working papers (Institut de Ciències Polítiques i Socials (Barcelona, Catalunya)) |v 219 | |
| 901 | |a Arxiu | ||
| 942 | |n 1 |2 udc | ||
| 952 | |0 0 |1 0 |4 0 |6 FU1024 |7 1 |9 51730 |a Arxiu |b Arxiu |d 2016-12-01 |l 0 |o FU-10-24 |p 19800 |r 2016-12-01 00:00:00 |w 2016-12-01 |y ARXIU | ||
| 999 | |c 55576 |d 55576 | ||